=LDR 00000nam 2200000 4500 =001 INLIS000000000030649 =005 20230605014147 =035 ##$$a 0010-061300000030649 =008 230605###########################0#ind## =041 ##$$a ind =082 ##$$a 2x3.541 =090 ##$$a 2x3.541, Mak b =100 ##$$a Makh Dlori, Muhammad =245 1#$$a Bacaan Al-Ikhlas, Maka Pilihlah Pintu Surgamu /$c Muhammad Makh Dlori; editor, Akhmad Muhaimin Azjet =260 ##$$a Yogyakarta :$b DIVA Press,$c 2008 =300 ##$$a 224 hlm, ; $c 21 cm =650 #4$$a SURGA =850 ##$$a NBPNMAT =020 ##$$a 978-9799-635-464 =084 ##$$a 2x3.541 MAK b =990 ##$$a 21400613/BPAP-NTB/20142014